La evangelización, tarea del cristiano /

Estudio sistemático sobre el tema de la evangelización en la Iglesia. Esta es una tarea del cristiano porque evangelizar significa hacer hombres libres de cualquier dependencia a partir de la Buena Nueva. Es un tema siempre actual, porque se trata de una tarea fundamental, el Papa Pablo VI lo refier...

وصف كامل

محفوظ في:
التفاصيل البيبلوغرافية
المؤلف الرئيسي: Floristan, Casiano (autor)
التنسيق: كتاب
اللغة:الإسبانية
منشور في: Madrid, España : Ediciones Cristiandad, 1978, c1978
سلاسل:(Epifanía ; 17)
الموضوعات:
الوسوم: إضافة وسم
لا توجد وسوم, كن أول من يضع وسما على هذه التسجيلة!

MARC

LEADER 00000nam^a2200000^a^4500
001 000380362
005 20250521000000.0
009 20260310120559.811
020 |a 84-7057-233-4 
037 |a Acervo Xavier Clavigero 
041 |a ESP 
082 |a 269. 2  |b FLO 
100 |a Floristan, Casiano  |e (autor) 
245 1 3 |a La evangelización, tarea del cristiano /  |c C. Floristan. 
264 4 |a Madrid, España :  |b Ediciones Cristiandad,  |c 1978, c1978 
300 |a 216 p. 
336 |a texto  |b txt  |2 rdacontenido 
337 |a sin mediación  |b n  |2 rdamedio 
338 |a volumen  |b nc  |2 rdasoporte 
440 1 |a (Epifanía ;  |v 17) 
520 |a Estudio sistemático sobre el tema de la evangelización en la Iglesia. Esta es una tarea del cristiano porque evangelizar significa hacer hombres libres de cualquier dependencia a partir de la Buena Nueva. Es un tema siempre actual, porque se trata de una tarea fundamental, el Papa Pablo VI lo refiere en la exhortación apostólica postsinodal Evangelii Nuntiandi: La Iglesia existe para evangelizar. 
561 |a Ex libris de Biblioteca ESAC, Provincia Mexicana 
649 |a XX 
650 |a Iglesia Católica 
650 |a Evangelización -  |x Tema Principal 
650 |a Teología Pastoral 
650 |a Teología Social 
650 |a Catolicismo 
650 |a Cristianismo 
650 |a Religión 
910 |a Fondo General 
920 |a Impresos - Libros 
930 |a Colección General 
905 |a 101 
901 |a 050152  |b IT1  |c ACC  |u 20250521 
902 |a https://opac.biblio.iteso.mx/vufind/Record/000380362